Urban and environmental planning in the UK
Αποθηκεύτηκε σε:
| Κύριος συγγραφέας: | |
|---|---|
| Μορφή: | Βιβλίο |
| Γλώσσα: | English |
| Δημοσίευση: |
Basingstoke :
Palgrave Macmillan,
2003
|
| Σειρά: | Planning, environment, cities
|
| Θέματα: | |
| Ετικέτες: |
Προσθήκη ετικέτας
Δεν υπάρχουν, Καταχωρήστε ετικέτα πρώτοι!
|
MARC
| LEADER | 00000nam a2200000 i 4500 | ||
|---|---|---|---|
| 001 | 1/92688 | ||
| 008 | 080828s2003 eng d | ||
| 020 | |a 0-333-96198-6 | ||
| 035 | |l 10099721 | ||
| 040 | |a GR-MY-UA |b gre |e aacr | ||
| 041 | 0 | |a eng | |
| 082 | 0 | |a 307.120941 |2 (22) | |
| 100 | 1 | |a Rydin, Yvonne |d 1957- | |
| 245 | 1 | 0 | |a Urban and environmental planning in the UK / |c Yvonne Rydin |
| 260 | |a Basingstoke : |b Palgrave Macmillan, |c 2003 | ||
| 300 | |a xvi, 383 σ.; |b σχ., πίν. ; |c 24 εκ. | ||
| 490 | 1 | |a Planning, environment, cities | |
| 504 | |a Βιβλιογραφία: σ. 351-369 | ||
| 504 | |a Ευρετήριο: σ. 370-383 | ||
| 650 | 0 | 0 | |a Land use |z Great Britain |x Planning. |
| 650 | 0 | 0 | |a City planning |z Great Britain. |
| 650 | 0 | 0 | |a Environmental management |z Great Britain. |
| 830 | 0 | |a Planning, environment, cities | |
| 852 | |a INST |b LESVOS |e 20080828 |h 307.120941 RYD |p 005100042822 |q 005100042822 |t BK |y 0 | ||
| 901 | |a BIBL1-2008-2 | ||
| 909 | |a Λ |b 151691 | ||
| 922 | |a 1ΕΛΗ |b 200803 |c ΕΠΕΑΕΚ2/ΤΓ |d ΠΑΠΑΣΩΤΗΡΙΟΥ | ||
| 970 | |a ΧΑΤΖΗΜΙΧΑΗΛ |b ΜΑΡΙΑ |z 2008/08/28 | ||